Подробности
| 000 -МАРКЕР |
| контрольное поле |
02831nam0a2200505 4500 |
| 001 - ИДЕНТИФИКАТОР ЗАПИСИ |
| контрольное поле |
RU\NLR\bibl\331267 |
| 005 - ИДЕНТИФИКАТОР ВЕРСИИ |
| контрольное поле |
20260407083648.0 |
| 010 ## - МЕЖДУНАРОДНЫЙ СТАНДАРТНЫЙ НОМЕР КНИГИ (ISBN) |
| Номер (ISBN) |
5-87098-049-6 |
| 010 ## - МЕЖДУНАРОДНЫЙ СТАНДАРТНЫЙ НОМЕР КНИГИ (ISBN) |
| Номер (ISBN) |
5-87098-052-6 |
| Уточнения |
в пер. |
| Тираж |
10000 |
| 021 ## - НОМЕР ГОСУДАРСТВЕННОЙ РЕГИСТРАЦИИ |
| Код страны |
Российская Федерация |
| Номер |
2002-36461 |
| Номер Листа государственной регистраци |
1775 |
| 021 ## - НОМЕР ГОСУДАРСТВЕННОЙ РЕГИСТРАЦИИ |
| Код страны |
Российская Федерация |
| Номер |
2002-36981 |
| Номер Листа государственной регистраци |
1807 |
| 035 ## - ДРУГИЕ СИСТЕМНЫЕ НОМЕРА |
| Идентификатор записи |
(NLR Aleph) 000326234 |
| 100 ## - ДАННЫЕ ОБЩЕЙ ОБРАБОТКИ |
| Данные общей обработки |
20021025d2002 |||y0rusy50 ca |
| 101 0# - ЯЗЫК РЕСУРСА |
| Язык текста, звукозаписи и т.д. |
русский |
| 102 ## - СТРАНА ПУБЛИКАЦИИ ИЛИ ПРОИЗВОДСТВА |
| Страна публикации |
Российская Федерация |
| 105 ## - ПОЛЕ КОДИРОВАННЫХ ДАННЫХ: ТЕКСТОВЫЕ МАТЕРИАЛЫ, МОНОГРАФИЧЕСКИЕ |
| Кодированные данные о монографическом текстовом документе |
a j|||||||| |
| 181 #0 - ПОЛЕ КОДИРОВАННЫХ ДАННЫХ: ВИД СОДЕРЖАНИЯ |
| Код вида содержания (ISBD) |
i |
| Код характеристики содержания (ISBD) |
axxe |
| 182 #0 - ПОЛЕ КОДИРОВАННЫХ ДАННЫХ: ТИП СРЕДСТВА |
| Код типа средства (ISBD) |
n - непосредственное |
| 200 1# - ЗАГЛАВИЕ И СВЕДЕНИЯ ОБ ОТВЕТСТВЕННОСТИ |
| Основное заглавие |
Фольклор народов Крайнего Севера и Дальнего Востока России |
| Сведения, относящиеся к заглавию |
[сборник |
| -- |
для среднего и старшего школьного возраста |
| Первые сведения об ответственности |
редактор-составитель: Е.Р. Акбальян |
| Последующие сведения об ответственности |
вступит. статья и общая редакция А.В. Преловского |
| -- |
Президентская программа "Дети России" |
| -- |
Федеральная целевая программа "Дети Севера"] |
| 203 ## - ВИД СОДЕРЖАНИЯ И ТИП СРЕДСТВА |
| Вид содержания |
Текст |
| Дополнительные сведения об издании |
визуальный |
| Тип средства |
непосредственный |
| 210 ## - ПУБЛИКАЦИЯ, РАСПРОСТРАНЕНИЕ И ДР. |
| Место издания, распространения и т.д. |
Москва |
| Имя издателя, распространителя и т. д. |
Северные просторы |
| Дата издания, распространения и т.д. |
2002 |
| 215 ## - ФИЗИЧЕСКАЯ ХАРАКТЕРИСТИКА |
| Размеры |
21 |
| Специфическое обозначение материала и объем |
542,[1] с. |
| Другие сведения о физической характеристике |
цв. ил. |
| 225 1# - СЕРИЯ |
| Основное заглавие серии |
Северная библиотека школьника |
| Сведения, относящиеся к заглавию |
в 4-х книгах |
| Обозначение тома |
кн. 1 |
| 320 ## - ПРИМЕЧАНИЯ О НАЛИЧИИ В ДОКУМЕНТЕ БИБЛИОГРАФИИ / УКАЗАТЕЛЯ |
| Текст примечания |
Библиогр.: с. 522-536 |
| 606 1# - НАИМЕНОВАНИЕ ТЕМЫ КАК ПРЕДМЕТ |
| Наименование темы |
Фольклор |
| Формальный подзаголовок |
Учебные издания специальные для средней школы |
| Географический подзаголовок |
Северный край |
| Системный номер авторитетной/нормативной записи |
1593910 |
| Идентификатор авторитетной/нормативной записи |
RU\NLR\AUTH\66999471 |
| 606 1# - НАИМЕНОВАНИЕ ТЕМЫ КАК ПРЕДМЕТ |
| Наименование темы |
Фольклор |
| Формальный подзаголовок |
Учебные издания специальные для средней школы |
| Географический подзаголовок |
Дальневосточный край |
| Системный номер авторитетной/нормативной записи |
1005577 |
| Идентификатор авторитетной/нормативной записи |
RU\NLR\AUTH\66382040 |
| 610 0# - НЕКОНТРОЛИРУЕМЫЕ ПРЕДМЕТНЫЕ ТЕРМИНЫ |
| Предметный термин |
Фольклор народов Крайнего Севера Российской Федерации (х. л.) |
| 610 0# - НЕКОНТРОЛИРУЕМЫЕ ПРЕДМЕТНЫЕ ТЕРМИНЫ |
| Предметный термин |
Фольклор народов Дальнего Востока Российской Федерации (х. л.) |
| 675 ## - УНИВЕРСАЛЬНАЯ ДЕСЯТИЧНАЯ КЛАССИФИКАЦИЯ (UDC/УДК) |
| Индекс |
821(571)-93 |
| Издание |
3 |
| Язык издания |
rus |
| 686 ## - ИНДЕКСЫ ДРУГИХ КЛАССИФИКАЦИЙ |
| Индекс |
82.3(2Рос)-6 |
| Код системы |
|
| 686 ## - ИНДЕКСЫ ДРУГИХ КЛАССИФИКАЦИЙ |
| Индекс |
Ш3(251)3-2я43 |
| 702 #1 - ИМЯ ЛИЦА - ВТОРИЧНАЯ ОТВЕТСТВЕННОСТЬ |
| Начальный элемент ввода |
Акбальян |
| Часть имени, кроме начального элемента ввода |
Е. Р. |
| Расширение инициалов личного имени |
Елена Рубеновна |
| Код отношения |
Составитель |
| -- |
Редактор |
| 702 #1 - ИМЯ ЛИЦА - ВТОРИЧНАЯ ОТВЕТСТВЕННОСТЬ |
| Код отношения |
Редактор |
| Материалы, к которым относится поле |
rus |
| Графика поля |
Кириллица |
| Начальный элемент ввода |
Преловский |
| Часть имени, кроме начального элемента ввода |
А.В. |
| Даты |
1934- |
| Расширение инициалов личного имени |
Анатолий Васильевич |
| Идентификатор авторитетной/нормативной записи |
RU\NLR\AUTH\7722068 |
| Системный номер авторитетной/нормативной записи |
5129 |
| 712 02 - НАИМЕНОВАНИЕ ОРГАНИЗАЦИИ - ВТОРИЧНАЯ ОТВЕТСТВЕННОСТЬ |
| Код отношения |
Издающая организация |
| Начальный элемент ввода |
"Дети России", президентская программа |
| Идентификатор авторитетной/нормативной записи |
RU\NLR\AUTH\889759 |
| Системный номер авторитетной/нормативной записи |
292010 |
| 712 02 - НАИМЕНОВАНИЕ ОРГАНИЗАЦИИ - ВТОРИЧНАЯ ОТВЕТСТВЕННОСТЬ |
| Код отношения |
Издающая организация |
| Начальный элемент ввода |
"Дети Севера", федеральная целевая программа |
| Идентифицирующий признак |
РФ |
| Идентификатор авторитетной/нормативной записи |
RU\NLR\AUTH\8810044584 |
| Системный номер авторитетной/нормативной записи |
588588 |
| 801 #0 - ИСТОЧНИК ЗАПИСИ |
| Страна |
Российская Федерация |
| Организация |
RKP |
| Дата составления |
20021025 |
| Правила каталогизации |
PSBO |
| 801 #1 - ИСТОЧНИК ЗАПИСИ |
| Страна |
Российская Федерация |
| Организация |
RKP |
| Дата составления |
20021025 |
| 801 #2 - ИСТОЧНИК ЗАПИСИ |
| Страна |
Российская Федерация |
| Организация |
NLR |
| Дата составления |
20021120 |
| Правила каталогизации |
rcr |
| 942 ## - ДОПОЛНИТЕЛЬНЫЕ ЭЛЕМЕНТЫ ЗАПИСИ (АБИС) |
| Тип экземпляра АБИС |
Книга |
| 980 ## - КОЛЛЕКЦИЯ |
| Название коллекции |
Национальная библиография |